Bramkarze z największą ilością czystych kont od sezonu 11/12 - Statystyki

Ogólne statystyki
  • Ten quiz został rozwiązany 245 razy
  • Średni wynik to 4 z 5
Statystyki odpowiedzi
Ilość czystych kont Narodowść Bramkarz % Poprawnych
124 Włochy Gianluigi Buffon
99%
128 Niemcy Manuel Neuer
94%
123 Belgia Thibaut Courtois
91%
117 Słowenia Samir Handanovic
60%
117 Francja Stephane Ruffier
14%
Nie znaleziono quizów pasujących do podanych kryteriów
Rozkład punktacji
Procent ludzi z każdym wynikiem
Percentyl według liczby udzielonych odpowiedzi
Twoja historia wyników
Nie rozwiązałeś tego quizu